[Event "HUN-chT2 Erkel 0304"]
[Site "Hungary"]
[Date "2003.10.05"]
[Round "2"]
[White "Hevesi, Zoltan"]
[Black "Kerekgyarto, Jozsef"]
[Result "1/2-1/2"]
[WhiteElo "2165"]
[BlackElo "2180"]
[PlyCount "29"]
[EventDate "2003.09.28"]
[EventType "team"]
[EventRounds "11"]
[EventCountry "HUN"]
[SourceTitle "EXT 2009"]
[Source "ChessBase"]
[SourceDate "2008.11.26"]
[SourceVersion "1"]
[SourceVersionDate "2008.11.26"]
[SourceQuality "1"]
[WhiteTeam "Fuzesabony"]
[BlackTeam "Hatvan"]
[WhiteTeamCountry "HUN"]
[BlackTeamCountry "HUN"]

1. d4 Nf6 2. c4 g6 3. Nc3 Bg7 4. e4 d6 5. Be2 0-0 6. Bg5 c6 7. Nf3 h6 8. Be3 Ng4 9. Bf4 e5 10. dxe5 dxe5 11. Qxd8 Rxd8 12. Bg3 f5 13. h3 f4 14. Bh4 Nf6 15. Bxf6 1/2-1/2

[Event "HUN-chT2 Erkel 0304"]
[Site "Hungary"]
[Date "2003.09.28"]
[Round "1"]
[White "Kerekgyarto, Jozsef"]
[Black "Sapi, Janos"]
[Result "1/2-1/2"]
[WhiteElo "2180"]
[BlackElo "2149"]
[PlyCount "61"]
[EventDate "2003.09.28"]
[EventType "team"]
[EventRounds "11"]
[EventCountry "HUN"]
[SourceTitle "EXT 2009"]
[Source "ChessBase"]
[SourceDate "2008.11.26"]
[SourceVersion "1"]
[SourceVersionDate "2008.11.26"]
[SourceQuality "1"]
[WhiteTeam "Hatvan"]
[BlackTeam "Szekuritas"]
[WhiteTeamCountry "HUN"]
[BlackTeamCountry "HUN"]

1. Nf3 c5 2. e4 Nc6 3. g3 d6 4. d3 g6 5. Bg2 Bg7 6. 0-0 e6 7. Nc3 Nge7 8. Be3 Nd4 9. Nd2 0-0 10. f4 Rb8 11. g4 f5 12. gxf5 exf5 13. Nf3 fxe4 14. dxe4 Bg4 15. h3 Nxf3+ 16. Bxf3 Bxh3 17. Rf2 Be6 18. Rd2 b6 19. Rxd6 Qc8 20. Qd2 Nc6 21. e5 Nxe5 22. Bd5 Bxd5 23. Qxd5+ Nf7 24. Rd7 Qe8 25. Bf2 Rd8 26. Rd1 Rxd7 27. Qxd7 Qxd7 28. Rxd7 Nh6 29. Nd5 Rf7 30. Rd8+ Rf8 31. Rd7 1/2-1/2